[Event "ch-FRA Blitz Online Qual"]
[Site "Europe-Chess INT"]
[Date "2020.05.16"]
[Round "9"]
[White "Perolini, Cedric"]
[Black "Cuttoli, Alexandre"]
[Result "0-1"]
[WhiteElo "1706"]
[BlackElo "2044"]
[WhiteFideId "20692773"]
[BlackFideId "36007293"]
[EventDate "2020.05.16"]

1. e4 e5 2. f4 Bc5 3. Nf3 d6 4. c3 Nf6 5. Bd3 Ng4 6. Rf1 exf4 7. h3 Ne5 8. Bc4
Nxc4 9. d4 Bb6 10. Bxf4 O-O 11. Qb3 Na5 12. Qc2 Re8 13. Nbd2 f5 14. e5 Nbc6 15.
O-O-O dxe5 16. Nxe5 Nxe5 17. Bxe5 Qg5 18. Rf2 Be6 19. Kb1 Bd5 20. c4 Be4 21.
Nxe4 fxe4 22. Qxe4 Nxc4 23. Qd5+ Kh8 24. Qxc4 Rxe5 25. Rdf1 Qg6+ 26. Ka1 Ree8
27. g4 h6 28. Rf7 Rad8 29. d5 Qxf7 30. Rd1 Rxd5 31. Rc1 Rc5 32. Qf1 Rxc1+ 33.
Qxc1 Qc4 34. Qd1 Qe4 35. a3 Qe1 36. Qxe1 Rxe1+ 37. Ka2 Re3 38. h4 Rh3 39. h5 Rh4
40. Kb3 Rxg4 41. a4 Rg5 42. Kc4 Rxh5 43. b4 g5 44. a5 g4 45. Kd3 g3 46. axb6
axb6 47. Ke2 Rg5 48. Kf1 h5 49. Kg2 Kg7 50. b5 Kf6 51. Kf3 Kf5 52. Kg2 h4 53.
Kh1 h3 54. Kg1 Kf4 55. Kf1 Rxb5 56. Ke2 Ke4 57. Kf1 Kf3 58. Ke1 h2 59. Kd1 Rb2
60. Kc1 Rg2 61. Kd1 h1=Q# 0-1

[Event "ch-FRA Blitz Online Qual"]
[Site "Europe-Chess INT"]
[Date "2020.05.16"]
[Round "9"]
[White "Zienkiewicz, Alexandre"]
[Black "Coelho, Laurent"]
[Result "1-0"]
[WhiteElo "2049"]
[BlackElo "1617"]
[WhiteFideId "20610327"]
[BlackFideId "45104840"]
[EventDate "2020.05.16"]

1. e4 d6 2. d4 Nf6 3. Nc3 g6 4. Bg5 Bg7 5. Qd2 h6 6. Bf4 Nc6 7. O-O-O a6 8. Bc4
b5 9. Bb3 b4 10. Nd5 Nxe4 11. Qe3 Nf6 12. Nxf6+ Bxf6 13. h4 d5 14. f3 e6 15. g4
a5 16. Ba4 Bd7 17. Ne2 Bg7 18. Ng3 Ne7 19. Bxd7+ Qxd7 20. Kb1 a4 21. Ne2 b3 22.
cxb3 axb3 23. a3 Rb8 24. Rc1 c6 25. Rc3 Qb7 26. Bxb8 Qxb8 27. Rxb3 Qc7 28. Rc1
O-O 29. Qc3 Qh2 30. Qd2 Qxh4 31. Ka2 Qh2 32. Qc2 Qh3 33. Qc5 Qg2 34. Nf4 Qg3 35.
Nd3 Bf6 36. Nb4 Rc8 37. Qa7 Qxf3 38. Qb7 Qxg4 39. Na6 Qxd4 40. Nb4 c5 41. Nc6
Rxc6 42. Qb8+ Kg7 43. Qa8 c4 44. Rb8 Nf5 45. Rg8+ Kh7 46. Rb8 c3 47. Qxc6 cxb2
48. Rb1 Ne3 49. Qb7 Qc4+ 50. Qb3 Qa6 51. Rb7 Nc4 52. Rxf7+ Kg8 53. Rxf6 Qd6 54.
Rxg6+ Kf7 55. Rbg1 1-0

[Event "ch-FRA Blitz Online Qual"]
[Site "Europe-Chess INT"]
[Date "2020.05.16"]
[Round "9"]
[White "Azizyan, Rafayel"]
[Black "Grosse, Ludovic"]
[Result "1-0"]
[WhiteElo "1667"]
[BlackElo "1958"]
[WhiteFideId "651016931"]
[BlackFideId "26045842"]
[EventDate "2020.05.16"]

1. e4 c5 2. Nf3 d6 3. d4 cxd4 4. Nxd4 Nf6 5. Nc3 g6 6. Bc4 Bg7 7. Be3 O-O 8. f3
Nc6 9. Qd2 Bd7 10. O-O-O Rc8 11. Bb3 Nxd4 12. Bxd4 b5 13. g4 a5 14. g5 Nh5 15.
Bxg7 Nxg7 16. a3 Qc7 17. Nd5 Qd8 18. Kb1 Ne6 19. h4 Ng7 20. f4 a4 21. Ba2 Be6
22. Rdg1 Rc5 23. h5 gxh5 24. f5 Bxd5 25. Bxd5 e6 26. fxe6 fxe6 27. Ba2 Qc7 28.
g6 h6 29. Qxh6 Rc8 30. Qh7+ Kf8 31. Qh8+ Ke7 32. Qxg7+ Kd8 33. Qf8+ Kd7 34. Qf7+
Kc6 35. Qxc7+ Kxc7 36. g7 Rg8 37. Bxe6 1-0

[Event "ch-FRA Blitz Online Qual"]
[Site "Europe-Chess INT"]
[Date "2020.05.16"]
[Round "9"]
[White "El Baroudi Abderrahmane"]
[Black "Monnot, Leo"]
[Result "0-1"]
[WhiteElo "1599"]
[BlackElo "1964"]
[WhiteFideId "9005382"]
[BlackFideId "26093103"]
[EventDate "2020.05.16"]

1. e4 e5 2. Nf3 Nc6 3. Bc4 Nf6 4. d4 exd4 5. e5 d5 6. exf6 dxc4 7. O-O gxf6 8.
Re1+ Be7 9. Qe2 Rg8 10. Nbd2 Bh3 11. g3 Qd5 12. Nxc4 O-O-O 13. Bf4 d3 14. cxd3
Nd4 15. Nh4 Nxe2+ 0-1

[Event "ch-FRA Blitz Online Qual"]
[Site "Europe-Chess INT"]
[Date "2020.05.16"]
[Round "9"]
[White "Courbi, Stephane"]
[Black "Cassam-Chenai, Antoine"]
[Result "1-0"]
[WhiteElo "1955"]
[BlackElo "1839"]
[WhiteFideId "647462"]
[BlackFideId "36087866"]
[EventDate "2020.05.16"]

1. e4 c5 2. Nf3 e6 3. d4 cxd4 4. Nxd4 Nf6 5. Nc3 Nc6 6. Ndb5 Bc5 7. Nd6+ Ke7 8.
Nxc8+ Rxc8 9. Be2 Re8 10. O-O Kf8 11. Kh1 d5 12. exd5 Nxd5 13. Nxd5 Qxd5 14.
Qxd5 exd5 15. Bb5 a6 16. Bxc6 Rxc6 17. c3 Re2 18. f3 d4 19. cxd4 Bxd4 20. Bf4
Rcc2 21. Bd6+ Kg8 22. Rfe1 Rxb2 23. Rxe2 Rxe2 24. Rd1 Bf6 25. Rc1 h6 26. a3 Ra2
27. h3 Bb2 28. Rc8+ Kh7 29. Rc7 Bxa3 30. Bxa3 Rxa3 31. Rxb7 Kg6 32. h4 a5 33.
Rb6+ f6 34. Ra6 Kh5 35. Ra7 g5 36. hxg5 hxg5 37. Kh2 Kh4 38. Rh7# 1-0

[Event "ch-FRA Blitz Online Qual"]
[Site "Europe-Chess INT"]
[Date "2020.05.16"]
[Round "9"]
[White "Villeneuve, Robin"]
[Black "Zanin, Dario"]
[Result "1-0"]
[WhiteElo "1662"]
[BlackElo "1918"]
[WhiteFideId "45100608"]
[BlackFideId "615919"]
[EventDate "2020.05.16"]

1. e4 e5 2. Nf3 Nc6 3. Bc4 Nf6 4. d3 Bc5 5. c3 d6 6. Nbd2 h6 7. Bb3 Qe7 8. Nf1
Be6 9. Be3 Bb6 10. Bxb6 axb6 11. Ne3 g5 12. h3 O-O-O 13. a4 Bxb3 14. Qxb3 Na5
15. Qc2 Rdg8 16. b4 Nc6 17. a5 bxa5 18. bxa5 g4 19. hxg4 Nxg4 20. a6 bxa6 21.
Rxa6 Nxe3 22. fxe3 Nb8 23. Ra7 Rg6 24. Nh4 Rf6 25. Nf5 Rxf5 26. exf5 Qg5 27. Qf2
d5 28. e4 Qc1+ 29. Ke2 Qxh1 30. Qc5 Qxg2+ 31. Kd1 Qf1+ 32. Kc2 Qe2+ 33. Kc1 Qe1+
34. Kc2 Qe2+ 35. Kc1 Qf1+ 36. Kb2 Qe2+ 37. Ka3 Na6 38. Rxa6 Qxd3 39. Ra8+ Kb7
40. Rxh8 Qa6+ 41. Kb3 c6 42. Qe7+ Kb6 43. Rb8+ Ka5 44. Qb4# 1-0

[Event "ch-FRA Blitz Online Qual"]
[Site "Europe-Chess INT"]
[Date "2020.05.16"]
[Round "9"]
[White "Dubois, Martine"]
[Black "Breuil, Virgile"]
[Result "0-1"]
[WhiteTitle "WIM"]
[WhiteElo "1802"]
[BlackElo "1622"]
[WhiteFideId "601926"]
[BlackFideId "45163693"]
[EventDate "2020.05.16"]

1. e4 d5 2. exd5 Qxd5 3. Nf3 Nf6 4. Be2 Bg4 5. h3 Bh5 6. d4 Nc6 7. O-O e6 8. c4
Qd8 9. Nc3 Be7 10. Be3 O-O 11. Qd2 Bb4 12. a3 Bxc3 13. Qxc3 Ne4 14. Qc2 Bg6 15.
Bd3 Nf6 16. Bxg6 hxg6 17. Rfd1 Qc8 18. d5 exd5 19. cxd5 Ne7 20. Bc5 Re8 21. Bxe7
Rxe7 22. d6 cxd6 23. Qxc8+ Rxc8 24. Rxd6 Rc2 25. Rd8+ Kh7 26. Ng5+ Kh6 27. f4
Re8 28. Rad1 Rce2 29. Nxf7+ Kh5 30. Ne5 Kh4 31. Nxg6+ Kg3 32. R1d3+ R8e3 33. Kf1
Re1# 0-1

[Event "ch-FRA Blitz Online Qual"]
[Site "Europe-Chess INT"]
[Date "2020.05.16"]
[Round "9"]
[White "Vieira, William"]
[Black "Eveno, Nathan"]
[Result "0-1"]
[WhiteElo "1593"]
[BlackElo "2069"]
[WhiteFideId "20661193"]
[BlackFideId "45132178"]
[EventDate "2020.05.16"]

1. e4 c5 2. c3 d5 3. exd5 Qxd5 4. d4 e6 5. Nf3 Nf6 6. Be2 Be7 7. O-O O-O 8. Na3
a6 9. Nc2 Nc6 10. dxc5 Bxc5 11. Qxd5 Nxd5 12. Re1 b5 13. Bg5 f6 14. Bh4 e5 15.
a4 b4 16. Bc4 Be6 17. Ne3 Bxe3 18. fxe3 Nc7 19. Bxe6+ Nxe6 20. cxb4 Nxb4 21.
Red1 Rfd8 22. Be1 Nc2 23. Rxd8+ Rxd8 24. Rc1 Nxe3 25. Kf2 Nd1+ 26. Kg3 Nxb2 27.
Rc6 Kf7 28. Rxa6 Nd3 29. Ra7+ Kg8 30. Bc3 Nef4 31. a5 Ne2+ 0-1

[Event "ch-FRA Blitz Online Qual"]
[Site "Europe-Chess INT"]
[Date "2020.05.16"]
[Round "9"]
[White "Berthaut, Alexandre"]
[Black "Menoux, Joachim"]
[Result "0-1"]
[WhiteElo "1924"]
[BlackElo "1627"]
[WhiteFideId "26080192"]
[BlackFideId "36066206"]
[EventDate "2020.05.16"]

1. e4 e6 2. d4 d5 3. exd5 exd5 4. Nf3 Bd6 5. Bd3 Ne7 6. Bg5 f6 7. Bh4 O-O 8. O-O
Bf5 9. Re1 c6 10. Nc3 Bxd3 11. Qxd3 Qb6 12. Na4 Qb4 13. Nc3 Ng6 14. Bg3 Bxg3 15.
hxg3 Nd7 16. Re2 Nb6 17. a4 a5 18. Ra3 Qc4 19. Rb3 Qxd3 20. cxd3 Ra6 21. Nd1 Rf7
22. Re8+ Rf8 23. Rxf8+ Kxf8 24. Ne3 Ne7 25. Nh4 g6 26. Ng4 Kf7 27. f4 Nxa4 28.
Rxb7 c5 29. dxc5 Nxc5 30. d4 Nxb7 0-1

[Event "ch-FRA Blitz Online Qual"]
[Site "Europe-Chess INT"]
[Date "2020.05.16"]
[Round "9"]
[White "Lesueur, Gabriel"]
[Black "Andre, Sebastien"]
[Result "1-0"]
[WhiteElo "1906"]
[BlackElo "1610"]
[WhiteFideId "45186359"]
[BlackFideId "26016982"]
[EventDate "2020.05.16"]

1. e4 e6 2. d4 d5 3. Nc3 Bb4 4. e5 c5 5. a3 Bxc3+ 6. bxc3 Qa5 7. Be3 Qxc3+ 8.
Bd2 Qxd4 9. Nf3 Qe4+ 10. Be2 Ne7 11. O-O Nbc6 12. c4 Nxe5 13. Nxe5 Qxe5 14. cxd5
Nxd5 15. Bb5+ Bd7 16. Bxd7+ Kxd7 17. Re1 Qd6 18. Qg4 Rhg8 19. Rad1 Kc6 20. Bc3
Qf4 21. Qh3 Rad8 22. Be5 Qf5 23. Qb3 b6 24. Rc1 f6 25. Bg3 g5 26. a4 Nf4 27.
Bxf4 gxf4 28. Rxe6+ Rd6 29. Rxd6+ Kxd6 30. Qxg8 h5 31. Rd1+ Kc6 32. Qa8+ Kc7 33.
Qxa7+ Kc6 34. a5 bxa5 35. Qa6+ Kc7 36. Qxa5+ Kc6 37. Qd8 Qg4 38. Qd6+ Kb5 39.
Qd3+ Kc6 40. Qd6+ Kb5 41. Qd7+ Kc4 42. Rc1+ Kb4 43. Qb7+ 1-0

[Event "ch-FRA Blitz Online Qual"]
[Site "Europe-Chess INT"]
[Date "2020.05.16"]
[Round "9"]
[White "Mataigne, Jean-Michel"]
[Black "Hucault, Christophe"]
[Result "1-0"]
[WhiteElo "1900"]
[BlackElo "1612"]
[WhiteFideId "618250"]
[BlackFideId "26057336"]
[EventDate "2020.05.16"]

1. e4 c5 2. Nf3 e6 3. d3 d5 4. Nbd2 d4 5. a4 Nc6 6. Nc4 Nf6 7. g3 Qc7 8. Bg2 Bd6
9. O-O h6 10. Qe2 e5 11. Nh4 O-O 12. h3 Be6 13. b3 a6 14. f4 exf4 15. gxf4 Bxc4
16. bxc4 Nh7 17. e5 Be7 18. Nf5 Kh8 19. Qg4 Rg8 20. Bd5 Raf8 21. Kh1 Nb4 22. Rf2
Qd8 23. Be4 Qd7 24. Rg2 g6 25. Nxh6 Rg7 26. Qxd7 1-0

[Event "ch-FRA Blitz Online Qual"]
[Site "Europe-Chess INT"]
[Date "2020.05.16"]
[Round "9"]
[White "Goulesque, Camille"]
[Black "Tuillier, Valentin"]
[Result "1-0"]
[WhiteElo "1899"]
[BlackElo "1607"]
[WhiteFideId "26086140"]
[BlackFideId "36020800"]
[EventDate "2020.05.16"]

1. d4 Nf6 2. c4 e6 3. Nf3 d5 4. Nc3 Bd6 5. e3 O-O 6. Bd2 b6 7. cxd5 exd5 8. Bd3
Bb7 9. O-O Nbd7 10. Rc1 c5 11. Nb5 Be7 12. Bb1 a6 13. Nc3 Re8 14. Ne5 Nxe5 15.
dxe5 Nd7 16. f4 Nf8 17. Be1 Ng6 18. Qh5 d4 19. exd4 Qxd4+ 20. Kh1 Rad8 21. f5
Qxe5 22. Bg3 Nf4 23. Bxf4 Qf6 24. Ne4 Bxe4 25. Bxe4 Bd6 26. Bxd6 Rxe4 27. Rcd1
Rd4 28. Rxd4 cxd4 29. Bf4 d3 30. Bg5 Qxb2 31. Bxd8 d2 32. Bg5 Qxa2 33. Qd1 Qd5
34. Qxd2 Qb5 35. Qd8+ 1-0

[Event "ch-FRA Blitz Online Qual"]
[Site "Europe-Chess INT"]
[Date "2020.05.16"]
[Round "9"]
[White "Reuillon, Hadrien"]
[Black "Delin, Valere"]
[Result "0-1"]
[WhiteElo "1817"]
[BlackElo "2043"]
[WhiteFideId "45133972"]
[BlackFideId "45107254"]
[EventDate "2020.05.16"]

1. e4 c5 2. c3 Nf6 3. e5 Nd5 4. d4 cxd4 5. cxd4 Nc6 6. Nf3 d6 7. exd6 Qxd6 8.
Nc3 Nf6 9. Be2 g6 10. O-O Bg7 11. d5 Ne5 12. Nxe5 Qxe5 13. Re1 O-O 14. Bf3 Qd6
15. Nb5 Qb6 16. a4 a6 17. Be3 Qa5 18. Na3 Rd8 19. Nc4 Qb4 20. b3 Bf5 21. Rc1 b5
22. Nb6 Rab8 23. Bc5 Qa5 24. b4 Qxb6 25. Bxb6 Rxb6 26. Rxe7 bxa4 27. Qxa4 Bf8
28. Ra7 Bd7 29. Qa2 Bb5 30. Rcc7 Re8 31. g3 Re1+ 32. Kg2 Bf1+ 33. Kg1 Bh3# 0-1

[Event "ch-FRA Blitz Online Qual"]
[Site "Europe-Chess INT"]
[Date "2020.05.16"]
[Round "9"]
[White "Bernard, Louis"]
[Black "Ciarletta, Ulysse"]
[Result "1-0"]
[WhiteElo "1993"]
[BlackElo "1599"]
[WhiteFideId "36075191"]
[BlackFideId "45133000"]
[EventDate "2020.05.16"]

1. e4 c5 2. Nf3 Nc6 3. Bb5 g6 4. O-O Bg7 5. c3 e6 6. Bxc6 bxc6 7. Re1 d5 8. e5
Ne7 9. b3 O-O 10. Ba3 c4 11. bxc4 dxc4 12. Qa4 Re8 13. Qxc4 Bb7 14. d4 Qa5 15.
Bb4 Qc7 16. Nbd2 Nd5 17. Ne4 Nxb4 18. Qxb4 a5 19. Qb3 a4 20. Qb4 Bc8 21. Nd6 Rd8
22. c4 Ba6 23. c5 Bd3 24. Ng5 Rdb8 25. Qc3 Ba6 26. Ngxf7 Bf8 27. Ng5 Be7 28.
Nxe6 Qd7 29. Nf4 Bd8 30. e6 Qe7 31. Qf3 Rb2 32. Qxc6 Rab8 33. Qxa6 1-0

[Event "ch-FRA Blitz Online Qual"]
[Site "Europe-Chess INT"]
[Date "2020.05.16"]
[Round "9"]
[White "Kuhn, Mathilde"]
[Black "Buttard, Axel"]
[Result "1-0"]
[WhiteElo "1764"]
[BlackElo "1883"]
[WhiteFideId "36099783"]
[BlackFideId "36052523"]
[EventDate "2020.05.16"]

1. e4 e5 2. Nf3 Nc6 3. d4 exd4 4. Bc4 Nf6 5. e5 d5 6. Bb5 Ne4 7. Nxd4 Bd7 8.
Bxc6 bxc6 9. O-O Bc5 10. Be3 O-O 11. f3 Ng5 12. f4 Ne4 13. Nd2 Nxd2 14. Qxd2 Re8
15. c3 Rb8 16. Rae1 Bb6 17. Nb3 Bxe3+ 18. Qxe3 Bf5 19. h3 h5 20. Rf2 Qh4 21. Nd4
Bd7 22. f5 c5 23. Nb3 d4 24. cxd4 cxd4 25. Qxd4 Qxd4 26. Nxd4 Rb4 27. Nb3 Rb5
28. Rc2 c6 29. Rc5 Rxc5 30. Nxc5 Bxf5 31. Kf2 Be6 32. a4 Bd5 33. g3 Rb8 34. Re2
Rb4 35. Rc2 Rc4 36. Rxc4 Bxc4 37. b3 Bd5 38. Ke3 Kf8 39. b4 Ke7 40. Kd4 Bg2 41.
h4 f6 42. exf6+ gxf6 43. b5 cxb5 44. axb5 Kd6 45. Ne4+ Bxe4 46. Kxe4 Ke6 47. Kf4
Kd6 48. Kf5 Ke7 49. Kg6 Ke6 50. Kxh5 Kf7 51. g4 Kg7 52. g5 fxg5 53. Kxg5 Kh7 54.
Kf6 Kh6 55. Ke6 Kh5 56. Kd6 Kxh4 57. Kc6 Kg5 58. Kb7 Kf6 59. Kxa7 Ke7 60. b6 Kd8
61. b7 Kc7 1-0

[Event "ch-FRA Blitz Online Qual"]
[Site "Europe-Chess INT"]
[Date "2020.05.16"]
[Round "9"]
[White "Fretel, Liza"]
[Black "Vie, Maxence"]
[Result "1-0"]
[WhiteElo "1934"]
[BlackElo "1648"]
[WhiteFideId "26045460"]
[BlackFideId "45150168"]
[EventDate "2020.05.16"]

1. e4 c5 2. Nc3 Nc6 3. Bb5 Nd4 4. Bc4 g6 5. Nge2 Nxe2 6. Qxe2 Bg7 7. O-O e6 8.
e5 d5 9. Bb5+ Bd7 10. Bxd7+ Qxd7 11. Nb5 Bf8 12. d4 a6 13. Nd6+ Bxd6 14. exd6
Qxd6 15. dxc5 Qe7 16. Re1 Nf6 17. Qe5 O-O 18. Bg5 Kg7 19. Re3 h6 20. Bh4 g5 21.
Bg3 Qxc5 22. Rf3 Qe7 23. Qd4 Rac8 24. Be5 Qc5 25. Bxf6+ Kg8 26. Qe5 Qxc2 27. Rf1
Kh7 28. Rh3 Qg6 29. Qxg5 Rg8 30. Qxg6+ Rxg6 31. Bc3 Rcg8 32. Rg3 Rxg3 33. hxg3
h5 34. Be5 Rg5 35. Bf4 Rf5 36. Rc1 e5 37. Bd2 Kg6 38. Rc5 b5 39. Rxd5 f6 40. Rd6
a5 41. Rd5 Kf7 42. Rxb5 a4 43. Ra5 Ke6 44. Rxa4 e4 45. Rxe4+ Kd5 46. Rf4 Re5 47.
Rxf6 Re2 48. Bc3 Ke4 49. Rf4+ Kd3 50. Rd4+ Kc2 51. Rd2+ Rxd2 52. Bxd2 Kxd2 53.
b4 Kc3 54. b5 1-0

[Event "ch-FRA Blitz Online Qual"]
[Site "Europe-Chess INT"]
[Date "2020.05.16"]
[Round "9"]
[White "Douchez, Tony"]
[Black "Evrin, Selvam"]
[Result "0-1"]
[WhiteElo "1630"]
[BlackElo "1882"]
[WhiteFideId "36087785"]
[BlackFideId "36094404"]
[EventDate "2020.05.16"]

1. e4 c5 2. Nf3 d6 3. d4 cxd4 4. Nxd4 Nf6 5. f3 g6 6. c4 Bg7 7. Nc3 O-O 8. Be3
Nc6 9. Be2 Bd7 10. O-O a6 11. b3 Rc8 12. Qd2 Ne5 13. Rfd1 Rb8 14. Rac1 Re8 15.
Kh1 Qa5 16. Rc2 b5 17. cxb5 axb5 18. Rdc1 b4 19. Nd1 d5 20. Rc5 Qa8 21. Bf4 Nh5
22. exd5 Nxf4 23. Qxf4 Qxa2 24. Ne3 Qa8 25. Rc7 Rbc8 26. Rxc8 Rxc8 27. Bc4 g5
28. Qg3 Nxc4 29. bxc4 Bxd4 30. Qxg5+ Bg7 31. Nf5 Bxf5 32. Qxf5 b3 33. Qb1 b2 34.
Rc2 Qa1 35. Rc1 bxc1=Q+ 36. Qxc1 Qxc1# 0-1

[Event "ch-FRA Blitz Online Qual"]
[Site "Europe-Chess INT"]
[Date "2020.05.16"]
[Round "9"]
[White "Fernandez, Jose"]
[Black "Percheron, Andre"]
[Result "1-0"]
[WhiteElo "1597"]
[BlackElo "1846"]
[WhiteFideId "26088983"]
[BlackFideId "20607091"]
[EventDate "2020.05.16"]

1. e4 c5 2. Nc3 Nc6 3. f4 g6 4. Nf3 Bg7 5. Bc4 e6 6. O-O a6 7. a3 Nge7 8. f5
gxf5 9. d3 fxe4 10. Ng5 Nf5 11. dxe4 Nh6 12. Qh5 Qe7 13. Na4 b5 14. Nb6 Rb8 15.
Nxc8 Rxc8 16. Be2 Rf8 17. Nf3 Nd4 18. Bd1 Ng8 19. Qxh7 Nf6 20. Qxg7 Nxe4 21.
Nxd4 cxd4 22. Qxd4 Rc4 23. Qa7 Qd6 24. b3 Rc7 25. Qa8+ Ke7 26. Qxe4 Rh8 27. Bg5+
Ke8 28. Bf4 Qc5+ 29. Kh1 d5 30. Qe3 Qxe3 31. Bxe3 f5 32. Bb6 Rch7 33. h3 Kd7 34.
Bf3 Kc6 35. Bd4 Re8 36. Be5 Rh4 37. Rad1 Rh7 38. Kh2 Rc8 39. Rd3 Kd7 40. g4
Rxc2+ 41. Kg3 fxg4 42. Bxg4 Ra2 43. Rf6 Rxa3 44. Rxe6 Kc8 45. Rc6+ Kd8 46. Rb6
Ra7 47. Rb8+ Ke7 48. Rxd5 Rxb3+ 49. Kh4 a5 50. Rbxb5 Rxb5 51. Rxb5 a4 52. Bf3 a3
53. Rb7+ Rxb7 54. Bxb7 a2 55. Ba1 Ke6 56. Bf3 Kf7 57. Kg5 Kg8 58. h4 Kh7 59. h5
Kg8 60. h6 Kh7 61. Be4+ Kg8 62. Kg6 Kf8 63. h7 Ke7 1-0

[Event "ch-FRA Blitz Online Qual"]
[Site "Europe-Chess INT"]
[Date "2020.05.16"]
[Round "9"]
[White "Pigeat, Benoit"]
[Black "Bui, Christopher"]
[Result "0-1"]
[WhiteElo "1873"]
[BlackElo "1849"]
[WhiteFideId "20643390"]
[BlackFideId "45107998"]
[EventDate "2020.05.16"]

1. e4 c5 2. Nf3 d6 3. d4 cxd4 4. Nxd4 Nf6 5. f3 a6 6. c4 e6 7. Nc3 Be7 8. Be3
O-O 9. Qd2 Nbd7 10. Be2 b6 11. O-O Bb7 12. Rfd1 Rc8 13. Rac1 d5 14. cxd5 exd5
15. exd5 Nxd5 16. Nxd5 Bxd5 17. Nf5 Rxc1 18. Rxc1 Be6 19. Nxe7+ Qxe7 20. b3 Rd8
21. Rd1 b5 22. Qd6 Qf6 23. Qc7 h5 24. Bd4 Qe7 25. Bc5 Qf6 26. Qg3 Re8 27. Bd4
Qh6 28. Bd3 Nf6 29. Re1 Rd8 30. Qf2 Nd5 31. Be4 Nf4 32. Be3 Qg5 33. Bxf4 Qxf4
34. g3 Qd2 35. Re2 Qd1+ 36. Kg2 Qd4 37. Qxd4 Rxd4 38. Bb7 a5 39. f4 b4 40. Be4
Rxe4 41. Rxe4 Bd5 42. Kf3 f5 43. Ke3 Bxe4 44. Kd4 Bb1 45. Kc5 Bxa2 46. Kb5 a4
47. Ka5 axb3 48. Kxb4 b2 0-1

[Event "ch-FRA Blitz Online Qual"]
[Site "Europe-Chess INT"]
[Date "2020.05.16"]
[Round "9"]
[White "Stoll, Lucia"]
[Black "Auder, Benjamin"]
[Result "0-1"]
[WhiteElo "1561"]
[BlackElo "1934"]
[WhiteFideId "45133301"]
[BlackFideId "635065"]
[EventDate "2020.05.16"]

1. e4 Nc6 2. d4 d5 3. exd5 Qxd5 4. Nf3 e5 5. Nc3 Bb4 6. a3 Bxc3+ 7. bxc3 Bg4 8.
Be3 e4 9. h3 exf3 10. c4 fxg2 11. cxd5 gxh1=Q 12. Qxg4 Nf6 13. Qxg7 Ke7 14. dxc6
Rag8 15. Qh6 Rg6 16. Qf4 Qxc6 17. Bd3 Rg1+ 18. Bf1 Qc3+ 19. Ke2 Qxa1 20. Qxc7+
Nd7 21. Bg5+ Rxg5 22. Qf4 f6 23. Qe4+ Re5 24. dxe5 Qxe5 25. Qxe5+ Nxe5 26. Bg2
b6 27. Bd5 Rc8 28. c4 Nxc4 29. Bb7 Rc7 30. Ba6 Nxa3 31. Bd3 b5 32. Kd2 h6 33. f4
b4 34. h4 b3 35. f5 b2 36. h5 b1=Q 37. Bxb1 Nxb1+ 38. Ke3 a5 39. Ke4 a4 40. Kd5
a3 41. Ke4 a2 42. Kd5 a1=Q 43. Ke4 Qa4+ 44. Kd5 Qc4# 0-1

[Event "ch-FRA Blitz Online Qual"]
[Site "Europe-Chess INT"]
[Date "2020.05.16"]
[Round "9"]
[White "Bakouri, Abdelmajid"]
[Black "Sithisak, William"]
[Result "0-1"]
[WhiteElo "1871"]
[BlackElo "1692"]
[WhiteFideId "7901682"]
[BlackFideId "45120749"]
[EventDate "2020.05.16"]

1. e4 c5 2. Nf3 Nc6 3. Bc4 g6 4. O-O Bg7 5. c3 e6 6. d4 d5 7. exd5 exd5 8. Re1+
Nge7 9. Bb5 O-O 10. Bg5 Qc7 11. Ne5 Nxe5 12. dxe5 Be6 13. Nd2 a6 14. Bd3 Nf5 15.
f4 h6 16. Bh4 Nxh4 17. Qe2 c4 18. Bc2 Bf5 19. Bd1 Bd3 20. Qf2 Nf5 21. g4 Ne7 22.
Nf3 b6 23. Nd4 Nc6 24. Nf3 Rfe8 25. h4 Be4 26. g5 h5 27. Nd2 Ne7 28. Nxe4 dxe4
29. Rxe4 Nf5 30. Bf3 Rad8 31. Re2 Qc5 32. Qxc5 bxc5 33. Rae1 Rd3 34. Bc6 Re6 35.
Be4 Ng3 36. Bxd3 cxd3 37. Rd2 c4 38. Kf2 Nf5 39. Rh1 Bf8 40. Kf3 Bc5 41. b4 Be3
42. Rdd1 Rb6 43. a4 Rb8 44. Rhe1 Ba7 45. e6 Nxh4+ 46. Ke4 Re8 47. Kd5 fxe6+ 48.
Rxe6 Rxe6 49. Kxe6 Nf3 50. Kf6 Kh7 51. Rf1 d2 52. Rd1 Be3 53. b5 axb5 54. axb5
Nh2 55. Ke5 Ng4+ 56. Ke4 Nf2+ 57. Kf3 Nxd1 58. b6 Bxb6 59. Ke2 Nxc3+ 60. Kxd2
Nd5 61. f5 gxf5 62. Kd1 Kg6 63. Ke2 c3 64. Kf1 Ne3+ 65. Kg1 Ng4+ 66. Kg2 c2 67.
Kh3 c1=Q 68. Kg3 Qe3+ 69. Kh4 Qf2+ 70. Kh3 Qh2# 0-1

[Event "ch-FRA Blitz Online Qual"]
[Site "Europe-Chess INT"]
[Date "2020.05.16"]
[Round "9"]
[White "Afraoui, Solenn"]
[Black "El Barbry, Sarah"]
[Result "1-0"]
[WhiteElo "1889"]
[BlackElo "1779"]
[WhiteFideId "625167"]
[BlackFideId "26051419"]
[EventDate "2020.05.16"]

1. e4 e6 2. d4 d5 3. Nc3 Bb4 4. e5 c5 5. Bd2 cxd4 6. Nb5 Bf8 7. Nf3 Nc6 8. Nbxd4
Bd7 9. c3 Nge7 10. Bd3 Ng6 11. Qe2 Qc7 12. Nxc6 bxc6 13. O-O Be7 14. Rfe1 O-O
15. h4 Nxh4 16. Nxh4 Bxh4 17. Qh5 Bxf2+ 18. Kxf2 h6 19. Rab1 f5 20. Kg1 Be8 21.
Qh3 Kh8 22. Qg3 Rb8 23. Be3 c5 24. Qh4 a5 25. Rf1 c4 26. Be2 Qxe5 27. Bd4 Qxe2
28. Qxh6+ 1-0

[Event "ch-FRA Blitz Online Qual"]
[Site "Europe-Chess INT"]
[Date "2020.05.16"]
[Round "9"]
[White "Ben Mohamed, Kader"]
[Black "Naillou, Thomas"]
[Result "0-1"]
[WhiteElo "1591"]
[BlackElo "2072"]
[WhiteFideId "45118523"]
[BlackFideId "36009741"]
[EventDate "2020.05.16"]

1. f4 d6 2. Nf3 Nc6 3. e3 e5 4. fxe5 dxe5 5. Bb5 Bd6 6. O-O Bd7 7. b3 Nf6 8. Bb2
Qe7 9. d3 O-O-O 10. e4 h5 11. a4 h4 12. h3 Nh5 13. a5 a6 14. Bxa6 bxa6 15. Qe2
Nf4 16. Qd1 Rh6 17. Nbd2 Rg6 18. Rf2 Bc5 19. d4 Nxd4 20. Bxd4 Nxh3+ 21. Kf1 Nxf2
22. Kxf2 exd4 23. Nc4 Bb5 24. Qd3 h3 25. Rh1 Rxg2+ 26. Ke1 Qe6 27. Nfe5 Qxe5 28.
Nxe5 Bxd3 29. Nxd3 Bd6 30. e5 Re8 31. Rxh3 Bxe5 32. Kd1 g5 33. Rh7 f6 34. Nc5
Bf4 35. Nxa6 Rg1# 0-1